1474 1473 1401 1137 1500 1716 1762 1577 1228 1699 1869 1059 1248 1882 1553 1157 1289 1500 1703 1119 1286 1795 1542 1383 1586 1139 1009 1046 1642 1365 1655 1221 1153 1634 1358 1059 1588 1693 1225 1900 1158 1265 1236 1425 1240 1072 1312 1839 1015 1321 1226 1018 1234 1944 1787 1271 1881 1112 1848 1996 1327 1983 1362 1104 1294 1752 1807 1335 1481 1500 1120 1213 1307 1119 1863 1243 1183 1830 1047 1924 1360 1863 1445 1206 1475 1194 1478 1598 1734 1941 1832 1787 1409 1561 1550 1798 1160 1075 1857 BCNSPRNW ULIB Ver.6.0+V

เปลี่ยนเป็นภาษาไทย

Change to English
 แสดงรายละเอียดบรรณานุกรม
  กลับหน้าหลัก

Brief Record : Get Marc (ISO 2709) : E-mail record : QR code < ปิดหน้าต่าง
LEADER : 00000nam 2200000uu 4500
001    13399122517
003     ULIB
008    130712s||||||||th 000 0 tha d
020    ^a9996057763 (paperback)
020    ^a9789996057762 (paperback)
060    ^aQS4^bP322b
100 1  ^aPatton, Kevin T.
245 10 ^aBrief atlas of the human body T/a anatomy & physiology 7th / ^cPatton, Kevin T. and Thibodeau, Gary A.
260    ^a[S.l.] : ^bMosby EIseveir, ^c2010.
300    ^a1 v. (unpaged) ; ^c28 cm.
700    ^a Thibodeau, Gary A.
856 40 ^a^3 Amazon.com ^uhttp://www.amazon.com/exec/obidos/ASIN/9996057763/chopaconline-20
945    ^p0^l0^i19970
999    ^aเกษร โพธิ์สุวรรณ
รายการนี้ยังไม่มีแท็ก
คุณยังไม่ได้ล็อกอิน คุณสามารถมีกิจกรรมร่วมกับเว็บไซต์ได้ แต่ต้องล็อกอินก่อน ::
  ล็อกอิน

รายการสื่อสารสนเทศ

ลำดับที่ ประเภท เลขเรียก/บาร์โค้ด สถานที่ สถานะ
1. วิทยาศาสตร์การแพทย์ และสุขภาพ
วิทยาศาสตร์การแพทย์ และสุขภาพ
QS4 P322b  
  Barcode: 19970
ห้องสมุดวิทยาเขตสวรรค์ประชารักษ์
►หนังสือทั่วไป
บนชั้น

รายการใกล้เคียง
    ผู้แต่ง [Patton, Kevin T.]

BibComment


ยังไม่เคยถูกคอมเมนท์

คอมเมนท์ทรัพยากรรายการนี้
  คอมเมนท์: Brief atlas of t..


 Copyright 2026. Bcnsprnw @Library